[Event "Lund Open"]
[Site "Lund"]
[Date "2016.03.29"]
[Round "6.7"]
[White "Sjodahl, Sten"]
[Black "Lindvall, Johannes"]
[Result "0-1"]
[WhiteElo "1916"]
[BlackElo "2060"]

1.d4 d5 2.g3 Nf6 3.Bg2 e6 4.Nf3 Be7 5.O-O O-O 6.Nbd2 c5 7.c4 Nc6 8.cxd5 
Nxd5 9.dxc5 Bxc5 10.Qc2 Be7 11.a3 Bd7 12.e4 Nf6 13.Rd1 Rc8 14.Qd3 Qc7 15.
b4 Rfd8 16.Qe2 Ne5 17.Bb2 Nxf3+ 18.Nxf3 Qc2 19.Qxc2 Rxc2 20.Bxf6 Bxf6 21.
e5 Be7 22.Rd3 Kf8 23.Rad1 Ke8 24.Nd4 Rc7 25.f4 Ba4 26.R1d2 Rcd7 27.Be4 a5 
28.f5 axb4 29.fxe6 Rxd4 0-1

[Event "Lund Open"]
[Site "Lund"]
[Date "2016.03.29"]
[Round "6.8"]
[White "Morell, Ludvig"]
[Black "Nilsson, Roger"]
[Result "0-1"]
[WhiteElo "1331"]
[BlackElo "1869"]

1.e4 c5 2.Nf3 Nc6 3.d4 cxd4 4.Nxd4 Nf6 5.Nc3 e5 6.Nb3 Bb4 7.Bd2 Bxc3 8.
Bxc3 Nxe4 9.Bc4 Qh4 10.Qf3 O-O 11.g3 Nxg3 12.Bxf7+ Rxf7 13.Qxg3 Qe4+ 14.
Kd2 Rf3 0-1

[Event "Lund Open"]
[Site "Lund"]
[Date "2016.03.29"]
[Round "6.9"]
[White "Sundin, Sven-Ingvar"]
[Black "Lundell, Mathias"]
[Result "1-0"]
[WhiteElo "1633"]
[BlackElo "1730"]

1.e4 e6 2.d4 d5 3.Nd2 Nf6 4.e5 Nfd7 5.f4 c5 6.Ngf3 Nc6 7.c3 cxd4 8.cxd4 
Be7 9.Be2 O-O 10.O-O b6 11.Nb3 Bb7 12.Be3 Rc8 13.Rc1 Ncb8 14.Bd3 Rxc1 15.
Qxc1 Ba6 16.Qd2 Bxd3 17.Qxd3 g6 18.Ng5 h6 19.Nxe6 fxe6 20.Qxg6+ Kh8 21.
Qxh6+ Kg8 22.Rf3 1-0

[Event "Lund Open"]
[Site "Lund"]
[Date "2016.03.29"]
[Round "6.10"]
[White "Bensryd, Hampus"]
[Black "Sandvall, Johannes"]
[Result "1/2-1/2"]
[WhiteElo "1468"]
[BlackElo "1720"]

1.e4 c5 2.Nf3 d6 3.d4 cxd4 4.Nxd4 Nf6 5.Nc3 g6 6.Be3 Bg7 7.f3 O-O 8.Qd2 
Nc6 9.O-O-O Nxd4 10.Bxd4 Be6 11.Kb1 Qc7 12.h4 Rfc8 13.h5 Qa5 14.hxg6 hxg6 
15.g4 Rxc3 16.Qxc3 Qxa2+ 17.Kc1 Bxg4 18.fxg4 Qa1+ 19.Kd2 Nxe4+ 20.Ke1 
Qxd1+ 21.Kxd1 Nxc3+ 22.Bxc3 Bxc3 23.bxc3 Rc8 24.Kd2 Kg7 25.g5 Rc5 26.Rg1 
f6 27.gxf6+ exf6 28.Bd3 f5 29.c4 Kf6 30.Ke3 g5 31.Rh1 Re5+ 32.Kf3 Kg6 33.
Rh8 Kg7 34.Rd8 Kf6 35.Rxd6+ Ke7 36.Rg6 f4 37.Rg7+ Kd6 38.Rxb7 a5 39.Rb6+ 
Kc7 40.Rg6 Kb7 41.Kg4 a4 42.c3 a3 43.Bb1 Re1 44.Ba2 Re2 45.Bb1 Rb2 46.Rg7+
Kb6 47.Rg6+ Kc5 48.Rxg5+ Kxc4 49.Bg6 Rg2+ 50.Kxf4 Rxg5 51.Kxg5 1/2-1/2

[Event "Lund Open"]
[Site "Lund"]
[Date "2016.04.12"]
[Round "7.2"]
[White "Lindvall, Johannes"]
[Black "Ivarsson, Torbjorn"]
[Result "0-1"]
[WhiteElo "2060"]
[BlackElo "2163"]

1.e4 e6 2.d4 d5 3.Nd2 Nf6 4.e5 Nfd7 5.Bd3 c5 6.c3 Nc6 7.Ne2 cxd4 8.cxd4 f6
9.exf6 Nxf6 10.Nf3 Bd6 11.O-O Qc7 12.Nc3 a6 13.Bg5 O-O 14.Bh4 g6 15.Bg3 
Nh5 16.Bxd6 Qxd6 17.g3 Bd7 18.Ng5 Nf6 19.f4 Nxd4 20.Bxg6 Qb6 21.Qd3 Nf5+ 
22.Kh1 hxg6 23.g4 Qe3 24.Qd1 Nh4 25.Qb3 Nxg4 26.Qxb7 Ra7 27.Qb3 Nf2+ 28.
Rxf2 Qxf2 29.Rg1 Nf3 0-1

[Event "Lund Open"]
[Site "Lund"]
[Date "2016.04.12"]
[Round "7.3"]
[White "Bouaziz, Nejib"]
[Black "Ramel, Olof"]
[Result "1-0"]
[WhiteElo "2093"]
[BlackElo "2009"]

1.e4 c6 2.d4 d5 3.Nc3 dxe4 4.Nxe4 Nf6 5.Ng5 Bf5 6.N5f3 Nbd7 7.h3 e6 8.Bd3 
Bd6 9.Bxf5 Qa5+ 10.Bd2 Qxf5 11.Ne2 Ne4 12.Be3 O-O-O 13.Qd3 Bb4+ 14.Kf1 Bd6
15.Nh4 Qh5 16.Qxe4 Nf6 17.Qf3 Qxh4 18.g3 Qe4 19.Qxe4 Nxe4 20.Kg2 Rd7 21.
Rhd1 Rhd8 22.Rd3 c5 23.dxc5 Bxc5 24.Rxd7 Rxd7 25.Bxc5 Nxc5 26.Nc3 Rd2 27.
Rc1 a5 28.Kf3 Kc7 29.Ke3 Rd7 30.a3 e5 31.Rd1 Rxd1 32.Nxd1 Ne6 33.h4 Kc6 
34.Ke4 f6 35.h5 b5 36.b4 a4 37.c3 Ng5+ 38.Kd3 f5 39.c4 bxc4+ 40.Kxc4 Ne4 
41.b5+ Kb6 42.Kb4 f4 43.gxf4 exf4 44.Kxa4 Nf6 45.Kb4 Nxh5 46.a4 Nf6 47.a5+
Kc7 48.f3 g5 49.Kc5 g4 50.fxg4 Nxg4 51.a6 Ne5 52.b6+ Kb8 53.Nf2 f3 54.Kb5 
h5 55.Ne4 f2 56.Nxf2 h4 57.a7+ Kb7 58.Ne4 Nd3 59.Nd6+ Ka8 60.Kc6 Nb4+ 61.
Kc5 h3 62.Ne8 Na6+ 63.Kb5 1-0

[Event "Lund Open"]
[Site "Lund"]
[Date "2016.04.12"]
[Round "7.4"]
[White "Bengtsson, Per"]
[Black "Finnlaugsson, Gunnar"]
[Result "0-1"]
[WhiteElo "1763"]
[BlackElo "2031"]

1.Nf3 c5 2.c4 Nc6 3.g3 g6 4.Bg2 Bg7 5.O-O e6 6.Nc3 Nge7 7.b3 d5 8.Ba3 b6 
9.Rc1 d4 10.Ne4 f5 11.Neg5 h6 12.Nh3 e5 13.Ne1 O-O 14.b4 cxb4 15.Bxb4 e4 
16.Nf4 Nxb4 17.Qb3 Nbc6 18.c5+ Kh7 19.d3 Na5 20.Qa3 g5 21.Nh3 Bb7 22.dxe4 
fxe4 23.cxb6 axb6 24.Qb4 Kh8 25.Nc2 Nd5 26.Qe1 Nc3 27.f4 exf3 28.exf3 Re8 
29.Qd2 Ne2+ 30.Kh1 Nxc1 31.Rxc1 Rc8 0-1

[Event "Lund Open"]
[Site "Lund"]
[Date "2016.04.12"]
[Round "7.5"]
[White "Meurman, Arne"]
[Black "Olsson, Tomas"]
[Result "1-0"]
[WhiteElo "2010"]
[BlackElo "1957"]

1.e4 e5 2.Nf3 Nc6 3.Bb5 a6 4.Ba4 d6 5.O-O Bg4 6.d4 b5 7.d5 Nd4 8.Bb3 Qf6 
9.Nbd2 Ne7 10.c3 Nxf3+ 11.Nxf3 Ng6 12.Qd3 Bxf3 13.Qxf3 Qxf3 14.gxf3 Nh4 
15.f4 exf4 16.Bxf4 g5 17.Be3 Rg8 18.a4 Rb8 19.axb5 axb5 20.Ra7 Kd8 21.Rfa1
Bg7 22.Ra8 Kd7 23.Rxb8 Rxb8 24.Bd1 h6 25.Bg4+ Kd8 26.Bd4 Bxd4 27.cxd4 Ng6 
28.Bh5 Nf4 29.Bxf7 Ke7 30.Be6 Ne2+ 31.Kg2 Nxd4 32.Bg4 b4 33.Kg3 Kf6 34.f4 
gxf4+ 35.Kxf4 h5 36.Rd1 Nb3 37.Bf3 Nc5 38.h3 Re8 39.Rd4 Kg6 40.Ke3 Rb8 41.
Rd2 Kg5 42.h4+ Kxh4 43.Rh2+ Kg3 44.Rxh5 Rb7 45.Rg5+ Kh3 46.Be2 Rb8 47.Bf1+
Kh4 48.Rg2 Rf8 49.Bc4 Nd7 50.Be2 Rf7 51.Kd4 b3 52.Bc4 Nc5 53.Re2 Rf3 54.e5
Rf4+ 55.Kc3 Rf3+ 56.Kb4 Rf4 57.Kc3 dxe5 1-0

[Event "Lund Open"]
[Site "Lund"]
[Date "2016.04.12"]
[Round "7.6"]
[White "Persson, Ulf"]
[Black "Nilsson, Roger"]
[Result "1-0"]
[WhiteElo "1893"]
[BlackElo "1869"]

1.e4 c5 2.Nf3 Nc6 3.Bb5 g6 4.O-O Bg7 5.c3 e5 6.d3 Nge7 7.Bg5 h6 8.Be3 b6 
9.Na3 Bb7 10.Qe2 O-O 11.Nd2 g5 12.g3 d5 13.f3 a6 14.Ba4 b5 15.Bc2 d4 16.
Bf2 Qa5 17.Nb3 Qb6 18.Rac1 Rac8 19.Bb1 Na5 20.Nxa5 Qxa5 21.cxd4 exd4 22.
Be1 Qb6 23.b3 f5 24.Bd2 Rce8 25.Qg2 Ng6 26.b4 c4 27.dxc4 bxc4 28.Nxc4 Qa7 
29.Bd3 g4 30.Rce1 gxf3 31.Rxf3 Qa8 32.Nb6 Qd8 33.Nc4 Qa8 34.Nb6 Qd8 35.Nc4
Rf6 36.Rff1 Kh7 37.Re2 Ree6 38.Rfe1 f4 39.gxf4 Nxf4 40.Bxf4 Rxf4 41.e5+ 
Kh8 42.Qxb7 Rg4+ 43.Rg2 Rxg2+ 44.Qxg2 Re7 45.Qg6 Bf8 46.Kh1 Rg7 47.Qxh6+ 
Kg8 48.Nd6 Qa8+ 49.Be4 Qa7 50.Bd5+ 1-0

[Event "Lund Open"]
[Site "Lund"]
[Date "2016.04.12"]
[Round "7.7"]
[White "Franzen, Per-Erik"]
[Black "Rudolph, Dirk"]
[Result "0-1"]
[WhiteElo "1894"]
[BlackElo "1722"]

1.d4 f5 2.Nf3 Nf6 3.h3 d5 4.g4 Nc6 5.c4 fxg4 6.hxg4 Bxg4 7.Ne5 Bf5 8.Nxc6 
bxc6 9.Nc3 e6 10.Qa4 Qd7 11.Bf4 Bd6 12.Bxd6 cxd6 13.Bh3 Bxh3 14.Rxh3 e5 
15.Rd3 exd4 16.Rxd4 c5 17.Qxd7+ Kxd7 18.Rf4 d4 19.Ne4 Nxe4 20.Rxe4 Rae8 
21.Rg4 Re7 22.O-O-O g6 23.Kd2 Rf8 24.Rg2 a5 25.Rh1 Rb8 26.b3 a4 27.Rh3 Kc6
28.Rgg3 axb3 29.Rxb3 Rxb3 30.axb3 Rf7 31.Ke1 d5 32.cxd5+ Kxd5 33.Rd3 Ke4 
34.Kf1 Rf5 35.Rh3 h5 36.Kg2 Rg5+ 37.Kf1 Kd5 38.Rf3 h4 39.Rf4 Rh5 40.Kg2 
Ke5 41.Rf8 Rf5 42.Rc8 Kf4 43.Rc7 Kg4 44.f3+ Kf4 45.Rh7 Ke3 46.Re7+ Kd2 47.
Kh3 g5 48.Kg4 Rd5 49.f4 gxf4 50.Kxf4 Rh5 51.Kg4 h3 0-1

[Event "Lund Open"]
[Site "Lund"]
[Date "2016.04.12"]
[Round "7.8"]
[White "Rosell, Sven"]
[Black "Szumniak, Jedrzej"]
[Result "1-0"]
[WhiteElo "1969"]
[BlackElo "2059"]

1.c4 c6 2.e4 d5 3.exd5 cxd5 4.d4 Nf6 5.Nc3 Nc6 6.Nf3 Bg4 7.cxd5 Nxd5 8.Qb3
Bxf3 9.gxf3 Nxc3 10.bxc3 Qc7 11.Be3 e6 12.Rb1 Bd6 13.Rg1 g6 14.Bh6 O-O-O 
15.Bd3 Rhe8 16.Bg5 Rd7 17.Qa4 Qa5 18.Qxa5 Nxa5 19.Bb5 Nc6 20.Kf1 Rc7 21.
Kg2 a6 22.Bd3 e5 23.Rb6 Kd7 24.Rgb1 exd4 25.cxd4 Nxd4 26.Rxb7 Ne6 27.Be3 
Ra8 28.Be4 Rc8 29.R7b6 Nc5 30.Bd5 Na4 31.Rxa6 Nc3 32.Rbb6 Bc5 33.Bxc5 Rxc5
34.Bxf7 Ke7 35.Bb3 R8c7 36.Rf6 Nd5 37.Rae6+ Kd7 38.Rd6+ Ke7 39.Rfe6+ Kf7 
40.Rxd5 1-0

[Event "Lund Open"]
[Site "Lund"]
[Date "2016.04.12"]
[Round "7.9"]
[White "Hornqvist, Kasper"]
[Black "Madison, Sigurd"]
[Result "0-1"]
[WhiteElo "1559"]
[BlackElo "1841"]

1.e4 d6 2.d4 c5 3.dxc5 Qa5+ 4.Nc3 Qxc5 5.Nf3 Nf6 6.Bd3 g6 7.Be3 Qa5 8.h3 
Bg7 9.Qd2 Nc6 10.Bh6 O-O 11.Bxg7 Kxg7 12.O-O Qc5 13.Rad1 Bd7 14.Ne2 Rac8 
15.c3 h6 16.Bb1 Be6 17.Rfe1 Nh5 18.Nf4 Bd7 19.Nxh5+ Qxh5 20.Qf4 Rg8 21.Rd5
g5 22.Qe3 Kh8 23.Nd4 Ne5 24.Nf5 Bxf5 25.exf5 g4 26.Rxe5 dxe5 27.Qxe5+ f6 
28.Qxe7 Rcf8 29.Re3 gxh3 30.g3 Qd1+ 31.Re1 Qf3 32.Be4 h2+ 33.Kxh2 Qxf2+ 
0-1

[Event "Lund Open"]
[Site "Lund"]
[Date "2016.04.12"]
[Round "7.10"]
[White "Hoang, Johnny"]
[Black "Hakansson, Simon"]
[Result "1-0"]
[WhiteElo "1803"]
[BlackElo "1341"]

1.e4 d6 2.d4 g6 3.Nf3 Bg7 4.Bc4 Nf6 5.Nc3 O-O 6.O-O e5 7.Bg5 Nc6 8.dxe5 
dxe5 9.Nd5 Be6 10.Qe2 h6 11.Nxf6+ Bxf6 12.Bxh6 Nd4 13.Nxd4 exd4 14.Bxe6 
fxe6 15.Bxf8 Qxf8 16.e5 Bg7 17.Qe4 Qc5 18.Qxb7 Rd8 19.Qe4 Kf7 20.Qf4+ Kg8 
21.Qe4 Kf7 22.Rfe1 Rd5 23.Qf3+ Kg8 24.Qd3 Kf7 25.f4 Qb6 26.b3 c5 27.Rf1 
Qc6 28.Rf3 Qc8 29.Rg3 Qg8 30.Qxg6+ Kf8 31.f5 Rxe5 32.f6 1-0